| 000 | 01757nam2a2200277 4500 | ||
|---|---|---|---|
| 001 | rc\2879817 | ||
| 005 | 20250529213251.0 | ||
| 035 | _a(NLR Aleph) 007032720 | ||
| 090 |
_a6019253 _c6019253 |
||
| 100 | _a20110719d1932 |||y0rusy50 ca | ||
| 101 | 0 |
_arus _dger _eger |
|
| 102 | _aRU | ||
| 105 | _aab z 000zy | ||
| 200 | 0 | _aВып. 3 | |
| 210 |
_d1932 _aБ. м. |
||
| 215 |
_a[4], 69 с., 1 л. карта _cил., карты |
||
| 300 | _aРез. нем. | ||
| 320 | _aБиблиогр. в подстроч. примеч. | ||
| 327 | 1 | _aСодерж.: Древние оледенения и Каневская дислокация; По поводу предгорных "климатических" террас в Крыму / Б. Л. Личков. К геоморфологии Волчанской мульды (юго-западного синуса) Кальмиусо-Торецкой котловины в Донецком бассейне; К геоморфологии верховьев р. Калауса на Северном Кавказе / Л. Г. Каманин | |
| 461 | 0 |
_1001rc\2832388 _12001#$aТруды Института географии$fАкадемия наук Союза советских социалистических республик$vВып. 3 _95620192 _aИнститут географии (Москва) _cМосква _d1931-1946 _fАкадемия наук Союза советских социалистических республик _nИзд-во Академии наук СССР _tТруды Института географии _vВып. 3 |
|
| 801 | 0 |
_aRU _bNLR _gpsbo |
|
| 801 | 1 |
_aRU _bELAR _2rusmarc |
|
| 852 |
_aNLR _j32-19/309(3) |
||
| 942 | _cBOOK | ||
| 980 | _aNB | ||